Państwa po kawałkach flag #5 - Statystyki

Ogólne statystyki
  • Ten quiz został rozwiązany 6 818 razy
  • Średni wynik to 13 z 16
Statystyki odpowiedzi
Obrazkowy Odpowiedź % Poprawnych
Niemcy
97%
Finlandia
96%
Bośnia i Hercegowina
95%
Iran
95%
Chile
94%
Panama
94%
San Marino
93%
Mongolia
89%
Angola
86%
Etiopia
83%
Nepal
82%
Syria
78%
Norwegia
74%
Republika Zielonego Przylądka
61%
Paragwaj
58%
Gwatemala
41%
Nie znaleziono quizów pasujących do podanych kryteriów
Rozkład punktacji
Procent ludzi z każdym wynikiem
Percentyl według liczby udzielonych odpowiedzi
Twoja historia wyników
Nie rozwiązałeś tego quizu